[Event "Wellington Mazur Memorial"]
[Site "Wellington"]
[Date "2022.08.18"]
[Round "4"]
[White "Van der Hoorn, Thomas"]
[Black "Jackson, Ross"]
[Result "1/2-1/2"]
[WhiteElo "2059"]
[BlackElo "1905"]
[PlyCount "92"]
[EventDate "2022.07.28"]
[EventType "swiss"]
[EventRounds "8"]
[EventCountry "NZL"]
[SourceTitle "EXT 2025"]
[Source "ChessBase"]
[SourceDate "2024.10.14"]
[SourceVersion "1"]
[SourceVersionDate "2024.10.14"]
[SourceQuality "1"]

1. e4 c5 2. Nf3 d6 3. d4 cxd4 4. Nxd4 a6 5. Nc3 b5 6. Be3 Nf6 7. a3 Bb7 8. f3 Nc6 9. Qd2 Rc8 10. Be2 e6 11. 0-0 Be7 12. Nxc6 Bxc6 13. Bd3 d5 14. exd5 Nxd5 15. Nxd5 Bxd5 16. Rfd1 0-0 17. a4 Bc4 18. Be4 bxa4 19. Rxa4 Qxd2 20. Rxd2 Bb5 21. Ra1 f5 22. Bd3 Bxd3 23. Rxd3 Rxc2 24. Rxa6 Rxb2 25. Rd7 Bf6 26. Rxe6 Rb5 27. Bd4 Bxd4+ 28. Rxd4 Rb7 29. h4 g6 30. Kh2 Rbf7 31. Kg3 Kg7 32. h5 Rf6 33. Rd7+ R8f7 34. Ree7 Rxe7 35. Rxe7+ Rf7 36. Re6 Rf6 37. Rxf6 Kxf6 38. hxg6 hxg6 39. Kh4 g5+ 40. Kh5 f4 41. Kg4 Kg6 42. g3 fxg3 43. Kxg3 Kf5 44. Kg2 Kf4 45. Kf2 g4 46. fxg4 Kxg4 1/2-1/2